000 00440nam a2200145Ia 4500
008 230917s9999||||xx |||||||||||||| ||und||
040 _e172111
_aMAIN
041 _aEnglish
082 _a891.437731 PA273G
100 _aपाठक, अलका
245 0 _aगार्ड रक्षित दफ्तरे
260 _aनई दिल्ली
_bसार्थक प्रकाशन
_c1995
300 _a111 p.
942 _cHN
999 _c96584
_d96584